000 00448ntaaa2200181 4500
003 01
005 20251027202112.0
008 0714s1973 ag 01
040 _aAR-BaBN
_bspa
_cAR-BaBN
_eaacr
_dRIC
082 _a252.0600 P26
100 _aPaschall, H. Franklin
_919498
245 _aThe gospel for an exploding world
250 _a1 ed.
260 _aNashville :
_bBroadman Press,
_cc1967
300 _a128 p
500 _asermones
942 _cBK
999 _c15887
_d15887